[Event "Mondiale Lampo FIDE 2022"]
[Site "Alma Ata"]
[Date "29.12.2022"]
[Round "2.72"]
[White "Chigaev, Maksim"]
[Black "Zverev, Lev"]
[Result "1-0"]
[WhiteTitle ""]
[BlackTitle ""]
[WhiteElo "2632"]
[BlackElo "2310"]
[WhiteFideId "4108116"]
[BlackFideId "24250775"]
[EventDate "29.12.2022"]

1. e4 e5 2. Nf3 Nc6 3. Bc4 Bc5 4. d3 Nf6 5. a4 d6 6. a5 a6 7. O-O Ba7 8. Be3 O-O
9. Bxa7 Rxa7 10. Nbd2 Be6 11. Bxe6 fxe6 12. c3 d5 13. Re1 Qd6 14. Qe2 Nd7 15. b4
Raa8 16. g3 b5 17. axb6 cxb6 18. h4 d4 19. Nc4 Qe7 20. cxd4 Nxd4 21. Nxd4 exd4
22. Rab1 b5 23. Nd2 Ne5 24. f4 Nc6 25. Nf3 Nxb4 26. Kg2 Nc6 27. Rec1 Rac8 28. h5
e5 29. f5 Nb4 30. Qb2 a5 31. Qb3+ Kh8 32. Rxc8 Rxc8 33. Qe6 Qxe6 34. fxe6 Re8
35. Nxe5 Rxe6 36. Rc1 Re8 37. Rc5 Na2 38. Rxb5 a4 39. Nf7+ Kg8 40. Nd6 Rd8 41.
e5 Kf8 42. Ra5 Nc1 43. Kf3 Nxd3 44. Ke4 Nb4 45. Rxa4 Nc6 46. Kd5 Ne7+ 47. Kxd4
Nf5+ 48. Kd5 Nxg3 49. Ra7 Nxh5 50. e6 Nf4+ 51. Ke5 Ng6+ 52. Kd5 Nf4+ 53. Ke5
Nd3+ 54. Kd5 Nb4+ 55. Kc5 Nd3+ 56. Kc6 Nf4 57. e7+ 1-0

[Event "Mondiale Lampo FIDE 2022"]
[Site "Alma Ata"]
[Date "29.12.2022"]
[Round "2.73"]
[White "Khripachenko, Alexander"]
[Black "Ponkratov, Pavel"]
[Result "0-1"]
[WhiteTitle ""]
[BlackTitle ""]
[WhiteElo "2219"]
[BlackElo "2577"]
[WhiteFideId "54184975"]
[BlackFideId "4157800"]
[EventDate "29.12.2022"]

1. e4 e6 2. d4 d5 3. Nd2 b6 4. Ngf3 Nf6 5. e5 Nfd7 6. c4 Bb7 7. cxd5 Bxd5 8. Bc4
c6 9. O-O Be7 10. Qe2 O-O 11. Ne4 c5 12. dxc5 Nxc5 13. Nc3 Bxc4 14. Qxc4 Qc8 15.
Qg4 Rd8 16. Bh6 Bf8 17. Bg5 Rd7 18. b4 Rd3 19. Rac1 Ncd7 20. Qe4 Rxc3 21. Qxa8
Bxb4 22. Bd2 Rxc1 23. Rxc1 Bc5 24. Qxa7 Nc6 25. Qa4 Ndxe5 26. Nxe5 Nxe5 27. Be3
h6 28. Bxc5 Nd3 29. Rd1 Nb2 30. Qd7 Qxc5 31. Rf1 g6 32. Qd8+ Kg7 33. Qd2 Na4 34.
Rc1 Qe5 35. Qc2 Nc5 36. Qc3 Kf6 37. Qf3+ Ke7 38. Qa3 Qd6 39. h3 h5 40. Qb4 g5
41. Rb1 Nd7 42. Qb5 f6 43. Rc1 h4 44. a4 Nc5 45. a5 Qd2 46. Ra1 Qd4 47. Rc1 Nd3
48. Rf1 bxa5 49. Qxa5 Kf7 0-1

[Event "Mondiale Lampo FIDE 2022"]
[Site "Alma Ata"]
[Date "29.12.2022"]
[Round "2.74"]
[White "Hambleton, Aman"]
[Black "Vetokhin, Savva"]
[Result "1-0"]
[WhiteTitle ""]
[BlackTitle ""]
[WhiteElo "2437"]
[BlackElo "2354"]
[WhiteFideId "2606577"]
[BlackFideId "44144474"]
[EventDate "29.12.2022"]

1. d4 Nf6 2. c4 e6 3. Nc3 Bb4 4. Qc2 d5 5. cxd5 exd5 6. Bg5 h6 7. Bh4 O-O 8. e3
c5 9. Nf3 Nc6 10. dxc5 g5 11. Bg3 Ne4 12. Bd3 Qa5 13. O-O Bxc3 14. bxc3 Qxc5 15.
Bxe4 dxe4 16. Qxe4 Bf5 17. Bd6 Bxe4 18. Bxc5 Rfd8 19. Bd4 Rac8 20. Nd2 Bg6 21.
h3 b6 22. Rfd1 Na5 23. Nf3 Nc4 24. Ne5 Nxe5 25. Bxe5 f5 26. a4 Kf7 27. Bd4 Rd5
28. Rdb1 Rc4 29. a5 b5 30. Bxa7 Rxc3 31. Bd4 Rc8 32. a6 f4 33. Rc1 Rxc1+ 34.
Rxc1 fxe3 35. Bxe3 Rd8 36. Rc7+ Kf8 37. Bc5+ Kg8 38. Rb7 Ra8 39. a7 Be4 40. Rxb5
Kf7 41. f3 Bd5 42. Be3 Be6 43. Rb8 Bd5 44. Kf2 Kg6 45. Kg3 h5 46. h4 gxh4+ 47.
Kxh4 Kf7 48. Kxh5 Kg7 49. Kg5 Kf7 50. Kf4 Kf6 51. Bd4+ Kg6 52. g4 Kf7 53. Kg3
Kg6 54. f4 Be4 55. f5+ Kf7 56. Kf4 Bd5 57. g5 Ke7 58. Ke5 Bf3 59. g6 Kd7 60. f6 1-0

[Event "Mondiale Lampo FIDE 2022"]
[Site "Alma Ata"]
[Date "29.12.2022"]
[Round "2.75"]
[White "Begmuratov, Khumoyun"]
[Black "Nguyen, Thai Dai Van"]
[Result "0-1"]
[WhiteTitle ""]
[BlackTitle ""]
[WhiteElo "2399"]
[BlackElo "2656"]
[WhiteFideId "14210207"]
[BlackFideId "358878"]
[EventDate "29.12.2022"]

1. e4 c5 2. Nc3 e6 3. g3 d5 4. Bg2 d4 5. Nce2 Nc6 6. d3 e5 7. f4 Bd6 8. Nf3 f6
9. O-O Nge7 10. a4 Be6 11. Bd2 Qd7 12. f5 Bf7 13. g4 c4 14. Ng3 O-O-O 15. h4 Kb8
16. Qe2 cxd3 17. cxd3 Rc8 18. g5 Nb4 19. Bxb4 Bxb4 20. h5 h6 21. gxf6 gxf6 22.
Nh4 Bb3 23. Ng6 Rc2 24. Qg4 Rhc8 25. Qh4 Ng8 26. Rf2 Bd2 27. Re2 Be3+ 28. Kh2
Rxe2 29. Nxe2 Rc2 30. Qe1 Qd6 31. Rb1 Ne7 32. Nc1 Bxa4 33. Ne2 Nc6 34. Ng1 Bb5
35. Rd1 Rxb2 36. Nf3 a5 37. Rb1 Rxb1 38. Qxb1 Nb4 39. Qb3 a4 40. Qg8+ Ka7 41.
Bf1 a3 42. Qb3 a2 43. Qb2 Qa6 44. Qxb4 a1=Q 45. Bg2 Qc3 46. Qe7 Bxd3 47. Nfxe5
fxe5 48. f6 Bg5 49. Qxe5 Bxf6 50. Qd5 Qac6 51. Qf5 Qc2 52. Qa5+ Ba6 53. Kh1 d3
54. Qe1 d2 55. Qf2+ Q6c5 0-1

[Event "Mondiale Lampo FIDE 2022"]
[Site "Alma Ata"]
[Date "29.12.2022"]
[Round "2.76"]
[White "Le, Tuan Minh"]
[Black "Mamatov, Melis"]
[Result "1-0"]
[WhiteTitle ""]
[BlackTitle ""]
[WhiteElo "2542"]
[BlackElo "2399"]
[WhiteFideId "12401153"]
[BlackFideId "13800027"]
[EventDate "29.12.2022"]

1. d4 d5 2. Nf3 Nf6 3. Bf4 e6 4. e3 Bd6 5. Bg3 O-O 6. c4 c6 7. Nc3 a6 8. Rc1 Re8
9. Qc2 b5 10. cxd5 cxd5 11. Bd3 Bb7 12. Ne5 Nc6 13. Nxc6 Bxc6 14. O-O Bxg3 15.
hxg3 Rc8 16. Nb1 Bb7 17. Qb3 Qd7 18. Nd2 Rxc1 19. Rxc1 Rc8 20. Qd1 Rxc1 21. Qxc1
Qc8 22. Qb1 h6 23. Nb3 Nd7 24. Qe1 Qc7 25. Qb4 Nb6 26. Nc5 Bc8 27. Qa5 Na8 28.
Qb4 Nb6 29. b3 Nd7 30. Qc3 Nxc5 31. dxc5 Bd7 32. b4 e5 33. f4 f6 34. Qb3 Bc6 35.
Qd1 Qd7 36. Bc2 Kf8 37. fxe5 fxe5 38. Qh5 Qe6 39. Bb3 Ke7 40. e4 Qd7 41. Qxe5+
Qe6 42. Qxg7+ Ke8 43. Qc7 h5 44. Qb8+ Ke7 45. Qc7+ Ke8 46. Qb6 h4 47. gxh4 Qh6
48. Qb8+ Kf7 49. Qc7+ Ke8 50. Qe5+ Kd7 51. exd5 Bb7 52. c6+ 1-0

[Event "Mondiale Lampo FIDE 2022"]
[Site "Alma Ata"]
[Date "29.12.2022"]
[Round "2.77"]
[White "Harsha, Bharathakoti"]
[Black "Tologon tegin, Semetei"]
[Result "1-0"]
[WhiteTitle ""]
[BlackTitle ""]
[WhiteElo "2593"]
[BlackElo "2394"]
[WhiteFideId "5078776"]
[BlackFideId "13800574"]
[EventDate "29.12.2022"]

1. c4 c5 2. Nf3 Nc6 3. d4 cxd4 4. Nxd4 Qb6 5. Nb3 Nf6 6. Nc3 e6 7. g3 Bb4 8. Bg2
Bxc3+ 9. bxc3 O-O 10. c5 Qc7 11. Bf4 e5 12. Bg5 Ne8 13. O-O d6 14. c4 dxc5 15.
Nxc5 Nd4 16. Nb3 Ne6 17. Bc1 Nd6 18. c5 Nf5 19. Ba3 Rd8 20. Qc1 Bd7 21. Bb4 Rac8
22. Ba5 b6 23. cxb6 Qxc1 24. Rfxc1 axb6 25. Bxb6 Rxc1+ 26. Rxc1 Rb8 27. Ba7 Rb4
28. Rd1 Ba4 29. Bd5 Ned4 30. e4 Ne2+ 31. Kf1 Nfd4 32. Rd2 Bb5 33. Kg2 h5 34. Bc5
Ra4 35. Bd6 Nxb3 36. axb3 Ra1 37. Bxe5 Rc1 38. f3 Nc3 39. Bxc3 Rxc3 40. f4 Kf8
41. Kf2 Ke7 42. Ra2 Rc7 43. Ke3 f6 44. Kd4 g5 45. fxg5 fxg5 46. Rf2 Be8 47. e5
Rc1 48. b4 h4 49. gxh4 gxh4 50. Rf4 h3 51. Rh4 Rd1+ 52. Kc5 Rc1+ 53. Kb6 Rc3 54.
Rh7+ Kd8 55. e6 Rd3 56. e7+ Kc8 57. Be6+ Kb8 58. Rh8 Rd6+ 59. Kc5 Kc7 60. Rxe8
Rxe6 61. b5 Re5+ 62. Kd4 Re2 63. b6+ Kb7 64. Kd3 Re1 65. Kd4 Re2 66. Kd5 Re1 67.
Kd6 Rd1+ 68. Ke6 Re1+ 69. Kf6 Rf1+ 70. Kg5 Re1 71. Kg4 Re3 72. Kf4 Re1 73. Kf3
Re6 74. Kg3 Re3+ 75. Kg4 Re6 76. Kxh3 Re4 77. Kg3 Re3+ 78. Kf4 Re1 79. h4 Rf1+
80. Kg3 Rg1+ 81. Kf2 Rg7 82. Rb8+ 1-0

[Event "Mondiale Lampo FIDE 2022"]
[Site "Alma Ata"]
[Date "29.12.2022"]
[Round "2.78"]
[White "Averin, Nikolay"]
[Black "Bologan, Victor"]
[Result "0-1"]
[WhiteTitle ""]
[BlackTitle ""]
[WhiteElo "2342"]
[BlackElo "2574"]
[WhiteFideId "24250473"]
[BlackFideId "13900048"]
[EventDate "29.12.2022"]

1. e4 g6 2. d4 Bg7 3. Nc3 c6 4. f4 d5 5. e5 Nh6 6. Nf3 f6 7. Be3 Bg4 8. Be2 Nf5
9. Bf2 e6 10. O-O O-O 11. h3 Bxf3 12. Bxf3 fxe5 13. fxe5 c5 14. dxc5 Nc6 15. Ne2
Bxe5 16. c3 Rc8 17. Nd4 Qf6 18. Nb3 Qg5 19. Qe2 Qf4 20. Rfd1 Qh2+ 21. Kf1 Qh1+
22. Bg1 Ng3+ 23. Kf2 Nxe2 24. Kxe2 Rxf3 25. gxf3 Qg2+ 26. Bf2 Bg3 27. Rf1 Rf8
28. Nd2 Ne5 0-1

[Event "Mondiale Lampo FIDE 2022"]
[Site "Alma Ata"]
[Date "29.12.2022"]
[Round "2.79"]
[White "Suyarov, Mukhammadzokhid"]
[Black "Alonso Rosell, Alvar"]
[Result "0-1"]
[WhiteTitle ""]
[BlackTitle ""]
[WhiteElo "2299"]
[BlackElo "2561"]
[WhiteFideId "14210495"]
[BlackFideId "2270544"]
[EventDate "29.12.2022"]

1. d4 Nf6 2. Nc3 d5 3. Bf4 g6 4. e3 Bg7 5. h4 h5 6. Nf3 O-O 7. Be2 c5 8. Nb5 Nc6
9. dxc5 Bg4 10. c3 Ne4 11. O-O e5 12. Bh2 Nxc5 13. Ng5 Bxe2 14. Qxe2 a6 15. Na3
Qe7 16. Rad1 Rad8 17. Rfe1 Bf6 18. e4 d4 19. cxd4 Nxd4 20. Qe3 b5 21. Rc1 Na4
22. b3 Qxa3 23. bxa4 Qxa4 24. Rf1 Qxa2 25. Ra1 Qc4 26. Rxa6 Ne2+ 27. Kh1 Ng3+
28. Bxg3 Qxf1+ 29. Kh2 Rd1 30. Kh3 Rd3 31. Ra1 Rxe3 32. Rxf1 Rc3 33. Rb1 Rb8 34.
Kh2 Rc4 35. f4 exf4 36. Bxf4 Rb7 37. Bd6 b4 38. Nf3 Rxe4 39. Rc1 b3 40. Rc8+ Kh7
41. Ba3 b2 42. Bxb2 Rxb2 43. Rc7 Rxh4+ 44. Kg3 Rg4+ 45. Kh3 Kg7 46. g3 Rb3 47.
Ne1 Rgxg3+ 48. Kh2 Be5 49. Rc5 Rge3+ 50. Kg2 Rxe1 51. Rc2 Ree3 52. Ra2 h4 53.
Kf2 h3 54. Rc2 Rb2 55. Rxb2 Bxb2 56. Kg1 Re2 0-1

[Event "Mondiale Lampo FIDE 2022"]
[Site "Alma Ata"]
[Date "29.12.2022"]
[Round "2.80"]
[White "Burmakin, Vladimir"]
[Black "Shishkov, Andrei"]
[Result "1-0"]
[WhiteTitle ""]
[BlackTitle ""]
[WhiteElo "2498"]
[BlackElo "2340"]
[WhiteFideId "4105109"]
[BlackFideId "4500563"]
[EventDate "29.12.2022"]

1. Nf3 Nf6 2. g3 b5 3. Bg2 Bb7 4. d3 e6 5. e4 d6 6. O-O Be7 7. c3 c5 8. Nbd2 O-O
9. Re1 Nc6 10. d4 cxd4 11. cxd4 d5 12. e5 Nd7 13. Bf1 b4 14. Bd3 a5 15. Nf1 Ba6
16. h4 Bxd3 17. Qxd3 Qb6 18. Be3 Qa6 19. Qd2 Rfc8 20. h5 a4 21. h6 g6 22. Bg5
Qa5 23. Rac1 Qd8 24. Bxe7 Qxe7 25. Ne3 Na5 26. Qd3 Qd8 27. Qb5 b3 28. a3 Rcb8
29. Qd3 Rc8 30. Rxc8 Rxc8 31. Qb5 Nc4 32. Qxa4 Nxb2 33. Qxb3 Rb8 34. Qc2 Qa5 35.
Qc6 Qb5 36. Qd6 Nc4 37. Qe7 Nxe3 38. Rxe3 Nb6 39. Qf6 Kf8 1-0

[Event "Mondiale Lampo FIDE 2022"]
[Site "Alma Ata"]
[Date "29.12.2022"]
[Round "2.81"]
[White "Puranik, Abhimanyu"]
[Black "Elier, Ali"]
[Result "1-0"]
[WhiteTitle ""]
[WhiteElo "2616"]
[BlackElo "2165"]
[WhiteFideId "5061245"]
[BlackFideId "16217543"]
[EventDate "29.12.2022"]

1. Nf3 Nf6 2. g3 d5 3. Bg2 e6 4. O-O Be7 5. b3 O-O 6. Bb2 c5 7. e3 Nc6 8. d4 Nd7
9. c4 dxc4 10. bxc4 Bf6 11. Nbd2 cxd4 12. exd4 Nb6 13. c5 Nd5 14. Ne4 Be7 15.
Rc1 Nf6 16. Qe2 Nb4 17. Ne5 Bd7 18. Nxf6+ Bxf6 19. Bxb7 Rb8 20. c6 Bxe5 21. dxe5
Qc7 22. Ba3 Qa5 23. Bxb4 Qxb4 24. Rb1 Qe7 25. cxd7 Qxd7 26. Be4 Rbc8 27. Rfc1
Qa4 28. Rxc8 Rxc8 29. Rb7 Qd4 30. Bxh7+ Kh8 31. Qh5 Qd1+ 32. Qxd1 1-0

[Event "Mondiale Lampo FIDE 2022"]
[Site "Alma Ata"]
[Date "29.12.2022"]
[Round "2.82"]
[White "Postlmayer, Jakob"]
[Black "Christiansen, Johan-Sebastian"]
[Result "0-1"]
[WhiteTitle ""]
[BlackTitle ""]
[WhiteElo "2314"]
[BlackElo "2578"]
[WhiteFideId "1643622"]
[BlackFideId "1512668"]
[EventDate "29.12.2022"]

1. d4 Nf6 2. c4 c5 3. Nf3 cxd4 4. Nxd4 e5 5. Nb5 d5 6. cxd5 Bb4+ 7. N5c3 Nxd5 8.
Bd2 Nf6 9. g3 O-O 10. Bg2 Nc6 11. O-O Bg4 12. h3 Bh5 13. a3 Be7 14. Be3 Nd4 15.
Nd2 Rc8 16. Nf3 Bxf3 17. exf3 Qa5 18. f4 Nf5 19. Bd2 Rfd8 20. Nd5 Qb5 21. Nxe7+
Nxe7 22. Qe1 exf4 23. Bxf4 Ng6 24. Be3 b6 25. Qb4 Qf5 26. Qa4 Rd7 27. Rac1 Rcd8
28. Qc2 Qa5 29. Rfd1 h5 30. Rxd7 Rxd7 31. Rd1 Rxd1+ 32. Qxd1 h4 33. g4 Qe5 34.
Qd4 Qe6 35. Bf3 Ne5 36. Bg2 Nc4 37. g5 Nxe3 38. fxe3 Nd7 39. Kh1 Nc5 40. Qxh4
Qxe3 41. Qg4 Qe1+ 42. Kh2 Qe5+ 43. Kh1 g6 44. b4 Nd3 45. Qf3 Nf4 46. Kg1 Qxg5
47. Kf1 Qe5 48. Bh1 Kg7 49. Kf2 Qd4+ 50. Kg3 Ne6 51. Kh2 Qe5+ 52. Kg1 a5 53.
bxa5 bxa5 54. Bg2 Nd4 55. Qd3 Ne2+ 56. Kf2 Nf4 57. Qe4 Nxh3+ 58. Ke3 Qc3+ 59.
Ke2 Ng5 60. Qd5 Ne6 61. Kf2 Qd4+ 62. Qxd4+ Nxd4 63. a4 Kf6 64. Ke3 Ke5 65. Bf1
f5 0-1

[Event "Mondiale Lampo FIDE 2022"]
[Site "Alma Ata"]
[Date "29.12.2022"]
[Round "2.83"]
[White "Fedorov, Alexei"]
[Black "Everett, Elijah"]
[Result "1-0"]
[WhiteTitle ""]
[WhiteElo "2475"]
[BlackElo "2202"]
[WhiteFideId "13500465"]
[BlackFideId "12973696"]
[EventDate "29.12.2022"]

1. e4 c5 2. d3 d5 3. Nd2 Nc6 4. g3 Nf6 5. Bg2 e5 6. Ngf3 d4 7. Nc4 Qc7 8. a4 Be7
9. O-O O-O 10. b3 Ne8 11. Ne1 Be6 12. f4 f6 13. Nf3 b6 14. f5 Bf7 15. g4 Rb8 16.
Bd2 a6 17. a5 b5 18. Nb6 Nd6 19. g5 Kh8 20. g6 Bg8 21. Nh4 c4 22. Rf3 c3 23. Bc1
Qd8 24. Rh3 Nc8 25. Nd5 Bd6 26. gxh7 Bf7 27. Rg3 Nb4 28. Qg4 1-0

[Event "Mondiale Lampo FIDE 2022"]
[Site "Alma Ata"]
[Date "29.12.2022"]
[Round "2.84"]
[White "Abdilkhair, Abilmansur"]
[Black "Nogerbek, Kazybek"]
[Result "1/2-1/2"]
[WhiteTitle ""]
[BlackTitle ""]
[WhiteElo "2278"]
[BlackElo "2468"]
[WhiteFideId "13716417"]
[BlackFideId "13710427"]
[EventDate "29.12.2022"]

1. e4 g6 2. h4 d5 3. exd5 Qxd5 4. Nc3 Qd6 5. Nge2 Nf6 6. d4 c6 7. Bf4 Qd8 8. Qd2
Nbd7 9. O-O-O Nb6 10. Ng3 h5 11. Kb1 Be6 12. Nge4 Bg7 13. Nc5 Bc8 14. Be2 Nbd5
15. Nxd5 cxd5 16. Bb5+ Kf8 17. Rhe1 b6 18. Bc6 bxc5 19. Bxa8 Bd7 20. Bxd5 Nxd5
21. dxc5 Nxf4 22. Qxd7 Qxd7 23. Rxd7 Bf6 24. g3 Ne6 25. Rxa7 Kg7 26. b4 Rb8 27.
a3 Nxc5 28. Ka2 Ne6 29. c4 Rd8 30. Re2 Rd1 31. Re3 Nd4 32. Rd7 Rd2+ 33. Kb1 Rxf2
34. c5 Rf1+ 35. Ka2 Rf2+ 36. Kb1 Nb5 37. Rdd3 Rf1+ 38. Kc2 Nd4+ 39. Kd2 Ra1 40.
Re4 Ra2+ 41. Ke3 Nc2+ 42. Kf3 Nxa3 43. c6 Nb5 44. Rc4 1/2-1/2

[Event "Mondiale Lampo FIDE 2022"]
[Site "Alma Ata"]
[Date "29.12.2022"]
[Round "2.85"]
[White "Nesterov, Arseniy"]
[Black "Degenbaev, Aziz"]
[Result "1-0"]
[WhiteTitle ""]
[WhiteElo "2573"]
[BlackElo "2139"]
[WhiteFideId "24198455"]
[BlackFideId "13802640"]
[EventDate "29.12.2022"]

1. d4 f5 2. c4 Nf6 3. Nf3 g6 4. Nc3 Bg7 5. b4 O-O 6. e3 d6 7. Be2 Qe8 8. O-O e5
9. Qb3 e4 10. Nd2 Kh8 11. c5 dxc5 12. bxc5 Nc6 13. Bb2 g5 14. d5 Ne5 15. Nb5
Nxd5 16. Qxd5 c6 17. Qd6 cxb5 18. Bxb5 Qe6 19. Rac1 a6 20. Ba4 b5 21. Bb3 Qxd6
22. cxd6 Rd8 23. Rc7 Rd7 24. Rfc1 Nc4 25. Bxg7+ Kxg7 26. Bxc4 Rxc7 27. dxc7 bxc4
28. Nxc4 Ra7 29. Nb6 Be6 30. Rc6 Rb7 31. Rxe6 Rxc7 32. g4 fxg4 33. Rxe4 h5 34.
Ra4 Rc1+ 35. Kg2 Kf6 36. Nd5+ Ke5 37. Nb4 Kf5 38. Ra5+ Ke4 39. Re5+ Kxe5 40.
Nd3+ Kd5 41. Nxc1 Kc4 42. h3 gxh3+ 43. Kxh3 Kc3 44. f4 gxf4 45. exf4 Kd4 46. Kh4
Ke4 47. Ne2 Kd5 1-0

[Event "Mondiale Lampo FIDE 2022"]
[Site "Alma Ata"]
[Date "29.12.2022"]
[Round "2.86"]
[White "Munkhdalai, Amilal"]
[Black "Cheng, Bobby"]
[Result "0-1"]
[WhiteTitle ""]
[BlackTitle ""]
[WhiteElo "2142"]
[BlackElo "2583"]
[WhiteFideId "4903250"]
[BlackFideId "4300033"]
[EventDate "29.12.2022"]

1. e4 g6 2. d4 Bg7 3. f4 d6 4. Nf3 c5 5. c3 cxd4 6. cxd4 Nf6 7. Nc3 O-O 8. h3 d5
9. e5 Ne4 10. Bd3 Ng3 11. Rg1 Nc6 12. Kf2 Nf5 13. Ne2 Qb6 14. Bb1 f6 15. g4
Nfxd4 16. Nexd4 fxe5 17. fxe5 Nxd4 18. Be3 Rxf3+ 19. Qxf3 Qxb2+ 0-1

[Event "Mondiale Lampo FIDE 2022"]
[Site "Alma Ata"]
[Date "29.12.2022"]
[Round "2.87"]
[White "Yoo, Christopher Woojin"]
[Black "Amangeldy, Ernur"]
[Result "1-0"]
[WhiteTitle ""]
[WhiteElo "2575"]
[BlackElo "2097"]
[WhiteFideId "30909694"]
[BlackFideId "13720244"]
[EventDate "29.12.2022"]

1. d4 d5 2. Nc3 Nf6 3. Bf4 c5 4. e4 Nxe4 5. Nxe4 dxe4 6. dxc5 Qa5+ 7. c3 Qxc5 8.
Qa4+ Nc6 9. Qxe4 g6 10. Be3 Qa5 11. Nf3 Bg7 12. Bc4 O-O 13. O-O Bf5 14. Qh4 Ne5
15. Nxe5 Qxe5 16. Rfe1 Qc7 17. Bg5 e6 18. Bb3 a5 19. Rad1 h5 20. h3 a4 21. Bxa4
f6 22. Be3 e5 23. Bb3+ Kh8 24. g4 Bd7 25. gxh5 g5 26. Qg3 Bh6 27. Kh2 Bc6 28.
Rg1 Rad8 29. Rxd8 Qxd8 30. h4 Qe7 31. Bc2 e4 32. Kh1 Rg8 33. Bb3 Rg7 34. Qb8+
Kh7 35. Qc8 Bd7 36. Qxb7 f5 37. hxg5 Bxg5 38. Bxg5 Qd6 39. Qd5 Qb6 40. h6 Rxg5
41. Qxd7+ Kxh6 1-0

[Event "Mondiale Lampo FIDE 2022"]
[Site "Alma Ata"]
[Date "29.12.2022"]
[Round "3.3"]
[White "Yu, Yangyi"]
[Black "Ivic, Velimir"]
[Result "1-0"]
[WhiteTitle ""]
[BlackTitle ""]
[WhiteElo "2728"]
[BlackElo "2572"]
[WhiteFideId "8603820"]
[BlackFideId "950122"]
[EventDate "29.12.2022"]

1. d4 Nf6 2. c4 g6 3. Nc3 d5 4. Bg5 Bg7 5. Nf3 Ne4 6. Bf4 O-O 7. e3 c5 8. cxd5
Bf5 9. Bc4 cxd4 10. exd4 Nd7 11. O-O Nb6 12. Bb3 Nxc3 13. bxc3 Nxd5 14. Bd2 Rc8
15. Rc1 Qd6 16. Re1 b5 17. Ne5 a6 18. Qf3 Be6 19. h4 a5 20. c4 bxc4 21. Nxc4 Qa6
22. Nxa5 Rxc1 23. Rxc1 Rd8 24. Nc6 Rd7 25. Nb8 Qb7 26. Nxd7 Qxd7 27. Bxd5 Bxd5
28. Qxd5 Qxd5 29. Rc8+ Bf8 30. Bh6 1-0

[Event "Mondiale Lampo FIDE 2022"]
[Site "Alma Ata"]
[Date "29.12.2022"]
[Round "3.4"]
[White "Shankland, Sam"]
[Black "Giri, Anish"]
[Result "0-1"]
[WhiteTitle ""]
[BlackTitle ""]
[WhiteElo "2710"]
[BlackElo "2764"]
[WhiteFideId "2004887"]
[BlackFideId "24116068"]
[EventDate "29.12.2022"]

1. d4 d5 2. c4 c6 3. Nf3 Nf6 4. e3 Bf5 5. Nc3 e6 6. Nh4 Bg6 7. Be2 Nbd7 8. O-O
Bd6 9. g3 Qe7 10. Nxg6 hxg6 11. Qc2 a6 12. e4 dxe4 13. Nxe4 Nxe4 14. Qxe4 O-O
15. Rd1 Nf6 16. Qf3 e5 17. dxe5 Bxe5 18. Rb1 Rad8 19. Be3 Rxd1+ 20. Bxd1 Rd8 21.
Bc2 Bd4 22. Bf4 Qc5 23. b3 g5 24. b4 Bxf2+ 25. Kg2 Qxc4 26. Bb3 Qe4 27. Bxg5
Qxb1 28. Bxf6 gxf6 29. Qxf6 Qe4+ 30. Kh3 Qh7+ 31. Kg2 Bb6 0-1

[Event "Mondiale Lampo FIDE 2022"]
[Site "Alma Ata"]
[Date "29.12.2022"]
[Round "3.5"]
[White "Nepomniachtchi, Ian"]
[Black "Shimanov, Aleksandr"]
[Result "0-1"]
[WhiteTitle ""]
[BlackTitle ""]
[WhiteElo "2793"]
[BlackElo "2581"]
[WhiteFideId "4168119"]
[BlackFideId "4198603"]
[EventDate "29.12.2022"]

1. Nf3 Nf6 2. c4 g6 3. Nc3 Bg7 4. g3 O-O 5. Bg2 c5 6. O-O d5 7. cxd5 Nxd5 8.
Nxd5 Qxd5 9. d3 Nc6 10. Be3 Bd7 11. Qc1 Rfc8 12. Qxc5 Qxc5 13. Bxc5 b6 14. Ba3
b5 15. Bc5 Bxb2 16. Rab1 Bf6 17. Rfc1 Rab8 18. Nd2 a5 19. Ne4 Bg7 20. Nc3 Nd4
21. Bxd4 Bxd4 22. Nd5 Kf8 23. e3 Be5 24. d4 Bd6 25. Rxc8+ Bxc8 26. Nc3 b4 27.
Ne4 Be6 28. Nxd6 exd6 29. d5 Bd7 30. Bf1 Rc8 31. Rb2 Rc1 32. Kg2 Bf5 33. g4 Be4+
34. f3 Rc2+ 35. Rxc2 Bxc2 36. Kf2 a4 37. Bc4 b3 38. a3 b2 39. Ba2 b1=Q 0-1

[Event "Mondiale Lampo FIDE 2022"]
[Site "Alma Ata"]
[Date "29.12.2022"]
[Round "3.6"]
[White "Muradli, Mahammad"]
[Black "Duda, Jan-Krzysztof"]
[Result "0-1"]
[WhiteTitle ""]
[BlackTitle ""]
[WhiteElo "2540"]
[BlackElo "2729"]
[WhiteFideId "13409301"]
[BlackFideId "1170546"]
[EventDate "29.12.2022"]

1. c4 e5 2. d3 Nf6 3. Nf3 Nc6 4. a3 d5 5. cxd5 Nxd5 6. e4 Nb6 7. Be3 g6 8. Be2
Bg7 9. O-O O-O 10. Nbd2 a5 11. Rc1 Re8 12. Qc2 Nd7 13. Rfd1 Nf8 14. Qc3 a4 15.
b4 axb3 16. Qxb3 Ne6 17. Qb2 Nf4 18. Bxf4 exf4 19. Qb3 g5 20. h3 h5 21. h4 g4
22. Ng5 Qe7 23. Rxc6 bxc6 24. a4 Be6 25. Nxe6 Qxe6 26. Qc2 Reb8 27. d4 Bxd4 28.
Bc4 Qe5 29. Nb3 Rd8 30. Kf1 Kg7 31. a5 Ba7 32. Rc1 f3 33. gxf3 gxf3 34. Rb1 Kf8
35. Ke1 Re8 36. Bd3 Rad8 37. Rd1 Qh2 38. Qc3 Qxf2# 0-1

[Event "Mondiale Lampo FIDE 2022"]
[Site "Alma Ata"]
[Date "29.12.2022"]
[Round "3.7"]
[White "Mamedyarov, Shakhriyar"]
[Black "Najer, Evgeniy"]
[Result "1-0"]
[WhiteTitle ""]
[BlackTitle ""]
[WhiteElo "2740"]
[BlackElo "2662"]
[WhiteFideId "13401319"]
[BlackFideId "4118987"]
[EventDate "29.12.2022"]

1. d4 Nf6 2. c4 e6 3. Nc3 Bb4 4. g3 d5 5. Bg2 O-O 6. Nf3 dxc4 7. O-O Nc6 8. Re1
Rb8 9. a3 Ba5 10. Bg5 h6 11. Bh4 Ne7 12. Bxf6 gxf6 13. Qa4 Bxc3 14. bxc3 b5 15.
Qxa7 Rb6 16. Nd2 Bd7 17. a4 bxa4 18. Nxc4 Rb3 19. Rec1 Kg7 20. e3 Nd5 21. Na5
Rb2 22. Nb7 Qb8 23. Qxb8 Rxb8 24. Nc5 Be8 25. Nxa4 Bxa4 26. Bxd5 exd5 27. Rxa4
Rb1 28. Rxb1 Rxb1+ 29. Kg2 Rc1 30. Ra5 Rxc3 31. Rxd5 Rb3 32. Rc5 Rb7 33. h4 Kg6
34. g4 Kg7 35. Kg3 Kg6 36. Kf4 Kg7 37. Kf5 Rb2 38. f4 Rb3 39. e4 Rb7 40. h5 Ra7
41. Rc6 Ra5+ 42. d5 Ra4 43. Rxc7 1-0

[Event "Mondiale Lampo FIDE 2022"]
[Site "Alma Ata"]
[Date "29.12.2022"]
[Round "3.8"]
[White "Adly, Ahmed"]
[Black "Amin, Bassem"]
[Result "1/2-1/2"]
[WhiteTitle ""]
[BlackTitle ""]
[WhiteElo "2596"]
[BlackElo "2682"]
[WhiteFideId "10601619"]
[BlackFideId "10601457"]
[EventDate "29.12.2022"]

1. e4 c6 2. d4 d5 3. exd5 cxd5 4. Bd3 Nc6 5. c3 Nf6 6. h3 g6 7. Nf3 Bg7 8. O-O
O-O 9. Bf4 Bf5 10. Bxf5 gxf5 11. Nbd2 e6 12. Ne5 Ne7 1/2-1/2